Código procesal penal y Código de procedimiento penal
محفوظ في:
| التنسيق: | كتاب |
|---|---|
| اللغة: | الإسبانية |
| منشور في: |
Santiago
LexisNexis
2005
|
| الطبعة: | 5a. ed |
| الموضوعات: | |
| الوسوم: |
إضافة وسم
لا توجد وسوم, كن أول من يضع وسما على هذه التسجيلة!
|
MARC
| LEADER | 00000nam a2200000 a 4500 | ||
|---|---|---|---|
| 001 | UCK3882 | ||
| 003 | CL-VaPUC | ||
| 008 | 050513e20050000CL |||||||||||||||||spa|d | ||
| 020 | |a 9562384462 | ||
| 082 | 0 | 4 | |a 345.8305 |b COD |2 21 |
| 245 | 1 | 0 | |a Código procesal penal y Código de procedimiento penal |
| 250 | |a 5a. ed | ||
| 300 | |a 482 p | ||
| 942 | |c BK | ||
| 945 | |d 20050513 00:00:00 |a cmena | ||
| 260 | |a Santiago |b LexisNexis |c 2005 | ||
| 500 | |a Incluye: Citas de jurisprudencia. Anotaciones y concordancias. Indice temático | ||
| 500 | |a Actualizada al 3 de febrero de 2005 | ||
| 650 | 7 | |a CODIGO DE PROCEDIMIENTO PENAL |2 CL-VaPUC |9 256474 | |
| 650 | 7 | |a DERECHO PENAL CHILENO |2 CL-VaPUC |9 492233 | |
| 650 | 0 | |a Derecho procesal penal |9 255496 | |
| 650 | 0 | |a Código procesal penal |9 432657 | |
| 650 | 0 | |a Jurisprudencia |9 255952 | |
| 583 | |a last modification |c 20050513 00:00:00 |k Rodrigo Vera | ||
| 999 | |c 312932 |d 312930 | ||
| 952 | |0 0 |1 0 |2 ddc |4 0 |6 345_830500000000000_COD_2005 |7 0 |8 FOND_LRYV |9 383829 |a BIBDER |b BIBDER |d 2019-11-22 |i 4126041 |o 345.8305 COD 2005 |p 4126041 |r 2023-01-25 |w 2019-11-22 |y BK_X |k DER | ||
| 952 | |0 0 |1 0 |4 0 |6 345_830500000000000_COD_2005 |7 0 |8 R |9 383831 |a BIBDER |b BIBDER |d 2019-11-22 |i 4126068 |o 345.8305 COD 2005 |p 4126068 |r 2023-01-25 |w 2019-11-22 |y BK_R |k DER | ||